000 00200 a2200097 4500
020 _a9789681642679
041 _aspa
100 _aBraz, Julio Emilio
245 _aen la Oscuridad
942 _cLibros/Book
999 _c28576
_d28576